Vyšetrovanie optimálnej koncentrácie imobilizovaného enzýmu v častici biokatalyzátora

Gespeichert in:
Bibliographische Detailangaben
1. Verfasser: Kučma, Andrej
Format: Buch
Sprache:Slowakisch
Veröffentlicht: Bratislava STU FCHPT 2011
Online-Zugang:Im OPAC anzeigen
Tags: Tag hinzufügen
Keine Tags, Fügen Sie das erste Tag hinzu!

MARC

LEADER 00000nam a2200000 a 4500
005 20260127134355.0
008 110628 2011 xo 000 0 slo d
035 |a vtls010289154 
039 9 |y 201106281105  |z mschk03 
040 |a STUSCHK1  |b slo  |c STUSCHK1  |e AACR2 
100 1 |a Kučma, Andrej 
245 1 |a Vyšetrovanie optimálnej koncentrácie imobilizovaného enzýmu v častici biokatalyzátora  |c Andrej Kučma 
260 |a Bratislava  |b STU FCHPT  |c 2011 
300 |a 59 s.  |b il.  |c 30cm 
500 |a Obháj.: 8.6. 2011 
500 |a Študijný program: chemické inžinierstvo 
500 |a Študijný odbor: 5.2.17 chemické inžinierstvo 
500 |a Miesto vypracovania: Oddelenie chemického a biochemického inžinierstva, FCHPT 
500 |a Evidenčné číslo: FCHPT-5433-40607 
910 |a SCHK95 
999 |c 11159  |d 11159